000 00393pab a2200157 454500
008 180718b2009 xxu||||| |||| 00| 0 eng d
100 _aSteinberger, Peter J.
245 _aAnalysis and history of political thought
260 _c2009
300 _ap.135-46.
362 _aFeb
650 _aPolitical theory
773 _aAmerican Political Science Review
908 _aN
909 _a83489
999 _c83489
_d83489